Old potions, new bottles: (Record no. 962)
[ view plain ]
| 000 -LEADER | |
|---|---|
| fixed length control field | 00741 a2200205 4500 |
| 010 ## - LCCN (DPL NO) | |
| LC control number | ENG-85053 ENG-142352 |
| 020 ## - INTERNATIONAL STANDARD BOOK NUMBER | |
| International Standard Book Number | 812502946X |
| Terms of availability | 795.00 |
| 020 ## - INTERNATIONAL STANDARD BOOK NUMBER | |
| International Standard Book Number | 9788125029465 |
| 035 ## - SYSTEM CONTROL NUMBER | |
| System control number | EN-68586 |
| 035 ## - SYSTEM CONTROL NUMBER | |
| System control number | EN-125884 |
| 037 ## - SOURCE OF ACQUISITION | |
| Source of stock number/acquisition | DBAD |
| 082 ## - DEWEY DECIMAL CLASSIFICATION NUMBER | |
| Classification number | 615.5309034 |
| 100 ## - MAIN ENTRY--PERSONAL NAME | |
| Personal name | Sivaramakrishnan, Kavita. |
| 245 ## - TITLE STATEMENT | |
| Title | Old potions, new bottles: |
| Remainder of title | recasting indigenious medicine in colonial Punjab (1850-1945)/ |
| Statement of responsibility, etc | By Kavita Sivaramakrishnan. |
| 260 ## - PUBLICATION, DISTRIBUTION, ETC. (IMPRINT) | |
| Place of publication, distribution, etc | New Delhi |
| Name of publisher, distributor, etc | Orient Longman, |
| Date of publication, distribution, etc | 2006. |
| 300 ## - PHYSICAL DESCRIPTION | |
| Extent | xiv, 280 p. ; |
| Dimensions | 22 cm. (Hb) |
| 490 ## - SERIES STATEMENT | |
| Series statement | New perspectives in South Asian history ; |
| Volume number/sequential designation | 12 |
| 500 ## - GENERAL NOTE | |
| General note | Includes bibliographical references and index |
| 942 ## - ADDED ENTRY ELEMENTS (KOHA) | |
| Institution code [OBSOLETE] | dpl |
| Item type | English Books |
| Call number prefix | 615.5309034 / SIV |
| Source of classification or shelving scheme | Dewey Decimal Classification |
| Classification part | 615.5309034 |
| Call number suffix | SIV |
| Withdrawn status | Lost status | Not for loan | Home library | Current library | Date acquired | Cost, normal purchase price | Full call number | Barcode | Copy number | Cost, replacement price | Koha item type | Collection code | Source of acquisition |
|---|---|---|---|---|---|---|---|---|---|---|---|---|---|
| Central Library | Central Library | 25/10/2024 | 795.00 | 615.5309034 SIV | EN-125884 | 1 | 795.00 | English Books | Non-fiction | Delivery of Books Act Division | |||
| D.B.Act.Division | D.B.Act.Division | 21/08/2008 | 795.00 | 615.5309034 SIV | EN-68586 | 1 | 795.00 | English Books |
